Úspešnosť Slovenska vo vytváraní podmienok pre spoločensky zodpovedné podnikanie [štúdia k projektu Ministerstva hospodárstva SR]

Saved in:
Bibliographic Details
Main Author: Fifeková, Elena
Other Authors: Karabínoš, Stanislav, Lábaj, Martin, 1982-
Format: Book
Language:Slovak
Published: Bratislava 2011
Subjects:
Tags: Add Tag
No Tags, Be the first to tag this record!

MARC

LEADER 00000nam a2200000 4500
001 0147210
005 20240502072647.0
041 0 |a slo 
044 |a SK 
245 1 0 |a Úspešnosť Slovenska vo vytváraní podmienok pre spoločensky zodpovedné podnikanie  |b [štúdia k projektu Ministerstva hospodárstva SR]  |c Elena Fifeková, Stanislav Karabínoš, Martin Lábaj ; vedúci projektu Danica Víznerová 
264 1 |a Bratislava  |c 2011 
300 |a 43 s. 
610 2 0 |a podnikanie 
610 2 0 |a zodpovednosť organizácie 
610 2 0 |a zodpovednosť spoločenská 
100 1 |a Fifeková, Elena 
700 1 |a Karabínoš, Stanislav 
700 1 |a Lábaj, Martin, 1982-